| 000 | 00360nam a22001457a 4500 | ||
|---|---|---|---|
| 020 | _a0 19 7135641 | ||
| 082 | _a332.0962RAB | ||
| 100 | _aRABLE, HASSANEIN | ||
| 245 | _aTHE FINANCIAL SYSTEM OF EGYPT | ||
| 260 |
_aNEW YORK _bOXFORD _c1972 |
||
| 300 |
_aXII,242P. _bILL.:25CM. |
||
| 500 | _aINCLUDE BIBLIOGRAPHY AND INDEX | ||
| 650 | _aFINANCIAL | ||
| 942 | _cBK | ||
| 999 |
_c15626 _d15626 |
||